| 000 | 00571nam a2200181Ia 4500 | ||
|---|---|---|---|
| 001 | 4496 | ||
| 005 | 20260306145800.0 | ||
| 008 | 260306t2009||||xx |||||||||||||| ||spa|| | ||
| 041 | _aESP | ||
| 082 |
_a323.4 _bI59 |
||
| 100 |
_aInstituto Interamericano de Derechos Humanos _eAUT |
||
| 245 | 0 |
_aVI Curso interamericano de sociedad civil y derechos humanos: _bProtección de los derechos económicos, sociales y culturales: de la norma a la realidad |
|
| 260 | _c2009 | ||
| 300 |
_a466 páginas : _c22 cm. |
||
| 650 | _aGEN | ||
| 654 | _aCHU | ||
| 942 |
_cLIB _dJUS _fJUS _2ddc _n |
||
| 999 |
_c4496 _d4496 |
||